Airlines without Vowels Quiz Stats

 Plays Quiz not verified by Sporcle

Score 0/20 Timer 04:00
0 Plays Today
Hint Answer % Correct
STHWSTSOUTHWEST
88.3%
RYNRRYANAIR
88.3%
DLTDELTA
87.8%
LFTHNSLUFTHANSA
87.8%
QNTSQANTAS
86.7%
CTHY PCFCCATHAY PACIFIC
81.7%
FNNRFINNAIR
81.1%
WSTJTWESTJET
80.6%
VRGN MRCVIRGIN AMERICA
78.3%
R LNGSAER LINGUS
66.1%
Hint Answer % Correct
RFLTAEROFLOT
57.8%
CHN STRNCHINA EASTERN
47.8%
RMXCAEROMEXICO
45%
L LEL AL
41.7%
GRD NDNSGARUDA INDONESIA
38.9%
VNCAVIANCA
30.6%
MRTSEMIRATES
30%
LTLALITALIA
30%
BRIBERIA
22.2%
CLNDRICELANDAIR
19.4%

You're not logged in!

Compare scores with friends on all Sporcle quizzes.
OR
Log In

Sporcle TV

Today on Sporcle TV


Watch our educational content, quiz creation guides, and fun videos on Sporcle TV.

Show Comments

Extras

Top Quizzes Today


Score Distribution

Your Account Isn't Verified!

In order to create a playlist on Sporcle, you need to verify the email address you used during registration. Go to your Sporcle Settings to finish the process.

Report this User

Report this user for behavior that violates our Community Guidelines.

Details: